Statistiques concernant Pays qui battent le Nigeria

Cliquez ici pour prendre le quiz!

Statistiques générales

  • Ce quiz a été pris 678 fois
  • Le résultat moyen est 8 sur 16

Statistiques - réponses

RangCatégoriePays% Correct
3Le pays le plus peuplé qui contient AEtats-Unis | Pakistan
90%
6Le PIB le plus élevé en pourcentage de son continentAustralie | Etats-Unis | Brésil | Chine | Égypte
81%
6Produit le plus de cacaoCôte d'Ivoire | Ghana | Indonésie | Brésil | Cameroun
76%
5La plupart des musulmansIndonésie | Pakistan | Inde | Bangladesh
72%
5La plupart des meurtresBrésil | Inde | Mexique | Afrique du Sud
63%
4Géographiquement le plus proche de São Tomé et PrincipeGuinée équatoriale | Gabon | Cameroun
56%
2Produit le plus de filmsInde
56%
4La plupart des moutonsChine | Australie | Inde
53%
7La plupart des pêcheursInde | Chine | Birmanie | Indonésie | Philippines | Bangladesh
50%
9Pollue le plus de plastiqueChine | Indonésie | Philippines | Viêt Nam | Sri Lanka | Thaïlande | Égypte | Malaisie
49%
5A eu le plus grand nombre de décès dus au virus EbolaLiberia | Sierra Leone | Guinée | République démocratique du Congo
45%
10A reçu le plus d'aide étrangère des États-Unis.Afghanistan | Irak | Israël | Jordanie | Égypte | Éthiopie | Kenya | Soudan du Sud | Syrie
41%
5Consomme le plus d'alcool par habitantMoldavie | Lituanie | République tchèque | Allemagne
37%
3La plupart des langues parléesPapouasie-Nouvelle- Guinée | Indonésie
21%
2Le plus faible pourcentage de sa population vivant dans la capitaleEtats-Unis
19%
2Dont la capitale est la première par ordre alphabétiqueÉmirats arabes unis
10%

Distribution des résultats

Percentile par nombre de réponses

% des personnes avec chaque résultat

Votre développement - résultats

Vous n’avez pas pris ce quiz